1464 1307 1811 1214 1079 1358 1276 1761 1308 1049 1824 1642 1182 1765 1463 1806 1035 1825 1338 1056 1079 1049 1922 1484 1769 1305 1568 1612 1620 1893 1714 1010 1812 1595 1875 1567 1065 1309 1427 1217 1327 1787 1469 1645 1776 1172 1236 1239 1018 1198 1486 1847 1382 1538 1950 1003 1277 1170 1188 1836 1352 1454 1190 1638 1528 1101 1601 1565 1104 1791 1859 1330 1584 1882 1316 1738 1725 1258 1886 1124 1731 1428 1173 1314 1096 1332 1900 1090 1164 1257 1690 1149 1186 1331 1303 1485 1681 1366 1907 BCNSPRNW ULIB Ver.6.0+V

เปลี่ยนเป็นภาษาไทย

Change to English
 แสดงรายละเอียดบรรณานุกรม
  กลับหน้าหลัก

Brief Record : Get Marc (ISO 2709) : E-mail record : QR code < ปิดหน้าต่าง
LEADER : 00000nam 2200000uu 4500
001    13399125523
003     ULIB
008    020711s2559 th a 000 0 tha d
020    ^a9786160826568
060    ^aWK810^bจ819ช
100 0  ู^aหลิน เจียหลง
245    ^aชีวิตยังหวานของคนเบาหวาน^cหลิน เจียหลง
250    ^aพิมพ์ครั้งที่ 1
260    ^aกรุงเทพฯ :^bซีเอ็ดยูเคชั่น,^c2559
300    ^a256 หน้า
650    ^aเบาหวาน
945    ^p285^l0^i25191
999    ^aกัณชพร
รายการนี้ยังไม่มีแท็ก
คุณยังไม่ได้ล็อกอิน คุณสามารถมีกิจกรรมร่วมกับเว็บไซต์ได้ แต่ต้องล็อกอินก่อน ::
  ล็อกอิน

รายการสื่อสารสนเทศ

ลำดับที่ ประเภท เลขเรียก/บาร์โค้ด สถานที่ สถานะ
1. หนังสือสำรอง
หนังสือสำรอง
สถานะ=หนังสือเก่า
WK810 จ819ช ฉ.1 
  Barcode: 25191
ห้องสมุดวิทยาเขตนครสวรรค์
►ส่วนจัดเก็บหนังสือเก่า นว.
บนชั้น
  ขอยืม

รายการใกล้เคียง
    หัวเรื่อง [เบาหวาน]

BibComment


ยังไม่เคยถูกคอมเมนท์

คอมเมนท์ทรัพยากรรายการนี้
  คอมเมนท์: ชีวิตยังหวานของค..


 Copyright 2026. Bcnsprnw @Library